Monarchs of England, Britain, & the UK - Statistics

General Stats
  • This quiz has been taken 59 times
  • The average score is 36 of 64
Answer Stats
Hint Answer % Correct
1558-1603 Elizabeth I
88%
1100-1135 Henry I
88%
1066-1087 William I
88%
1625-1649 Charles I
86%
1660-1685 Charles II
84%
2022-present Charles III
82%
1087-1100 William II
82%
1272-1307 Edward I
80%
1483 Edward V
80%
1952-2022 Elizabeth II
80%
1154-1189 Henry II
80%
1413-1422 Henry V
80%
1422-1461 Henry VI
80%
1470-1471 Henry VI
80%
1553-1558 Mary I
80%
1307-1327 Edward II
78%
1327-1377 Edward III
78%
1461-1470 Edward IV
78%
1471-1483 Edward IV
78%
1547-1553 Edward VI
78%
1714-1727 George I
78%
1727-1760 George II
78%
1216-1272 Henry III
78%
1399-1413 Henry IV
78%
1485-1509 Henry VII
78%
1509-1547 Henry VIII
78%
1837-1901 Victoria
78%
1902-1910 Edward VII
76%
1936 Edward VIII
76%
1760-1820 George III
76%
1910-1936 George V
76%
1936-1952 George VI
75%
1702-1714 Anne
73%
1821-1830 George IV
73%
1603-1625 James I
73%
1189-1199 Richard I
71%
1483-1485 Richard III
71%
1685-1688 James II
69%
1689-1694 (joint) Mary II
67%
1689-1694 (joint) + 1694-1702 William III
65%
1377-1399 Richard II
63%
1830-1837 William IV
63%
1553 (immediately deposed) Jane Grey
49%
884-899 Alfred the Great
39%
1042-1066 Edward the Confessor
31%
1066 (disputed) Harold II
29%
978-1013 Aethelred the Unready
24%
1014-1016 Aethelred the Unready
24%
924-939 Aethelstan
22%
1199-1216 John Lackland
22%
939-946 Edmund I
20%
1135-1154 Stephen of Blois
20%
1016-1035 Cnut the Great
16%
1013-1014 Sweyn Forkbeard
16%
899-924 Edward the Elder
14%
1141 (disputed) Empress Matilda
14%
1016 Edmund Ironside
12%
955-959 Eadwig
10%
1035-1040 Harold Harefoot
10%
946-955 Eadred
8%
975-978 Edward the Martyr
8%
1040-1042 Harthacnut
8%
959-975 Edgar the Peaceful
6%
1216-1217 (disputed) Louis the Lion
2%
No matching quizzes found
Score Distribution
Percent of People with Each Score
Percentile by Number Answered
Your Score History
You have not taken this quiz